Finite Element Analysis : (Record no. 175452)

000 -LEADER
fixed length control field 00774 a2200193 4500
003 - CONTROL NUMBER IDENTIFIER
control field Nust
005 - DATE AND TIME OF LATEST TRANSACTION
control field 20220802123601.0
010 ## - LIBRARY OF CONGRESS CONTROL NUMBER
LC control number 85020107
020 ## - INTERNATIONAL STANDARD BOOK NUMBER
International Standard Book Number 0201108062 :
040 ## - CATALOGING SOURCE
Transcribing agency Nust
082 00 - DEWEY DECIMAL CLASSIFICATION NUMBER
Classification number 620.00151535,BUR
100 1# - MAIN ENTRY--PERSONAL NAME
Personal name Burnett, David S.
9 (RLIN) 75736
245 10 - TITLE STATEMENT
Title Finite Element Analysis :
Remainder of title from Concepts to Applications /
Statement of responsibility, etc. David S. Burnett.
260 ## - PUBLICATION, DISTRIBUTION, ETC.
Place of publication, distribution, etc. Reading, Mass. :
Name of publisher, distributor, etc. Addison-Wesley Pub. Co.,
Date of publication, distribution, etc. c1987.
300 ## - PHYSICAL DESCRIPTION
Extent xix, 844 p. :
Other physical details ill. ;
Dimensions 25 cm.
505 ## - FORMATTED CONTENTS NOTE
Formatted contents note Part-1: Introduction (Page-1), Part-2: Basic Concepts (Page-53), Part-3: One-Dimensional Problems: Theory, Programming and Applications (Page-207), Part-4: Two Dimensional Problems: Theory, Programming, and Applications (Page-547).
650 #0 - SUBJECT ADDED ENTRY--TOPICAL TERM
Topical term or geographic name entry element Finite element method.
942 ## - ADDED ENTRY ELEMENTS (KOHA)
Koha item type Reference
Source of classification or shelving scheme
Holdings
Withdrawn status Lost status Source of classification or shelving scheme Damaged status Not for loan Permanent Location Current Location Shelving location Date acquired Full call number Barcode Date last seen Price effective from Koha item type Public note
          Military College of Signals (MCS) Military College of Signals (MCS) Reference 12/12/2016 620.00151535,BUR MCS27129 12/08/2016 12/12/2016 Reference Almirah No.20, Shelf No.1
© 2023 Central Library, National University of Sciences and Technology. All Rights Reserved.